Game of Thrones en Images - Statistiques

Statistiques générales
  • Ce quiz a été pris 1 572 fois
  • Le résultat moyen est 17 sur 30
Statistiques - réponses
Par images Hint Réponse % Correct
Nom de la "Mère" des Dragons Daenerys Targaryen
92%
Surnom de ce personnage Le Limier
89%
Tyrion en boit beaucoup Vin
88%
Peuple vivant au-delà du Mur Les Sauvageons
87%
Surnom de ce personnage Littlefinger
85%
Lieu Le Mur
84%
Château Winterfell
84%
Ils portent des Messages Les Corbeaux
83%
Nom du Trône Le Trône de Fer
81%
Nom de l'épée Aiguille
80%
Archipel dirigé par la Maison Greyjoy Les îles de Fer
77%
Ville Port-Réal
75%
Prénom du personnage Joffrey
72%
Peuple Les Dothrakis
72%
Loup de Jon Snow Fantôme
67%
Prénom de ce personnage Oberyn
65%
Nom de cette armée Les Immaculés
57%
Nom du Personnage Bronn
56%
Il l'est à la Garde de Nuit Mestre
54%
Les condamnés y sont exécutés aux Eyrié La Porte de la Lune
47%
Lieu ou l'on forme les Mestres La Citadelle
44%
Siège de la maison Frey Les Jumeaux ou Le Pont
43%
Ville Meereen
32%
Ile dans la Baie de la Néra Peyredragon
31%
Ville Qarth
31%
Plus grand château de Westeros Harrenhal
24%
Nom de la Maladie sur sa peau La Grisécaille
20%
Lieu à Dorne Les Jardins Aquatiques
12%
Nom de la statue Titan de Braavos
11%
Elle doit son nom au peuple qui y vit Mer Dothrak
3%
Aucun quiz correspondant
Distribution des résultats
% des personnes avec chaque résultat
Percentile par nombre de réponses
Votre historique - résultats
Vous n’avez pas pris ce quiz